Clubs Ian Wright Played For - Statistics

General Stats
  • This quiz has been taken 15 times
  • The average score is 4 of 6
Answer Stats
Years Games Goals Answer % Correct
1991-98 288 185 Arsenal
100%
1985-91 277 118 Crystal Palace
100%
1998-1999 26 9 West Ham
82%
1999-2000 10 3 Celtic
55%
2000-01 15 4 Burnley
36%
1999-2000 10 5 Nottingham Forest
27%
No matching quizzes found
Score Distribution
Percent of People with Each Score
Percentile by Number Answered
Your Score History
You have not taken this quiz